ہونر تیشے کا (غزلوں کا مجموعہ) / (Record no. 194216)

MARC details
000 -LEADER
fixed length control field 00676nam a22001937a 4500
005 - DATE AND TIME OF LATEST TRANSACTION
control field 20221209154942.0
010 ## - LCCN (DPL NO)
LC control number UR-11786
020 ## - INTERNATIONAL STANDARD BOOK NUMBER
International Standard Book Number 9789393785787
Terms of availability 300.00
035 ## - SYSTEM CONTROL NUMBER
System control number U-10341
037 ## - SOURCE OF ACQUISITION
Source of stock number/acquisition DBAD/PUB
Stock number -
082 ## - DEWEY DECIMAL CLASSIFICATION NUMBER
Classification number 841
100 ## - MAIN ENTRY--PERSONAL NAME
Personal name منا ظر حسن شا ہین
245 ## - TITLE STATEMENT
Title ہونر تیشے کا (غزلوں کا مجموعہ) /
Statement of responsibility, etc منا ظر حسن شا ہین
Medium ا ر د و
246 ## - VARYING FORM OF TITLE
Title proper/short title Hunar teeshe ka /
Remainder of title by Manazir Hassan Shaheen
260 ## - PUBLICATION, DISTRIBUTION, ETC. (IMPRINT)
Place of publication, distribution, etc New Delhi
Name of publisher, distributor, etc Educational Publishing House
Date of publication, distribution, etc 2021 ء
270 ## - ADDRESS
Address H.o. D1/16, Ansari Road, Darya Ganj
City New Delhi
Postal code 110002
300 ## - PHYSICAL DESCRIPTION
Extent 176 ص
Dimensions 21cm(pbk)
942 ## - ADDED ENTRY ELEMENTS (KOHA)
Source of classification or shelving scheme Dewey Decimal Classification
Item type Urdu Bks
Classification part 841
Call number suffix م ن ا
Holdings
Withdrawn status Lost status Not for loan Collection code Home library Current library Date acquired Source of acquisition Cost, normal purchase price Full call number Barcode Copy number Cost, replacement price Koha item type
      Non-fiction Central Library Central Library 09/12/2022 DBAD/PUB 300.00 841 م ن ا U-10341 1 300.00 Urdu Bks

© Delhi Public Library
Hit Counter
free hit counter